<?xml version="1.0" encoding="UTF-8"?><?xml-stylesheet type="text/xsl" href="static/style.xsl"?><OAI-PMH xmlns="http://www.openarchives.org/OAI/2.0/" xmlns:xsi="http://www.w3.org/2001/XMLSchema-instance" xsi:schemaLocation="http://www.openarchives.org/OAI/2.0/ http://www.openarchives.org/OAI/2.0/OAI-PMH.xsd"><responseDate>2026-06-01T19:59:06Z</responseDate><request verb="GetRecord" identifier="oai:riuma.uma.es:10630/28921" metadataPrefix="marc">https://riuma.uma.es/rest/oai/request</request><GetRecord><record><header><identifier>oai:riuma.uma.es:10630/28921</identifier><datestamp>2026-02-03T11:24:33Z</datestamp><setSpec>com_10630_2254</setSpec><setSpec>col_10630_37953</setSpec></header><metadata><record xmlns="http://www.loc.gov/MARC21/slim" xmlns:dcterms="http://purl.org/dc/terms/" xmlns:doc="http://www.lyncode.com/xoai" xmlns:xsi="http://www.w3.org/2001/XMLSchema-instance" xsi:schemaLocation="http://www.loc.gov/MARC21/slim http://www.loc.gov/standards/marcxml/schema/MARC21slim.xsd">
   <leader>00925njm 22002777a 4500</leader>
   <datafield ind2=" " ind1=" " tag="042">
      <subfield code="a">dc</subfield>
   </datafield>
   <datafield ind2=" " ind1=" " tag="720">
      <subfield code="a">González-Herrera, Antonio</subfield>
      <subfield code="e">author</subfield>
   </datafield>
   <datafield ind2=" " ind1=" " tag="720">
      <subfield code="a">Parrón-Rubio, María Eugenia</subfield>
      <subfield code="e">author</subfield>
   </datafield>
   <datafield ind2=" " ind1=" " tag="720">
      <subfield code="a">Pérez-García, Francisca</subfield>
      <subfield code="e">author</subfield>
   </datafield>
   <datafield ind2=" " ind1=" " tag="720">
      <subfield code="a">Rubio Cintas, María Dolores</subfield>
      <subfield code="e">author</subfield>
   </datafield>
   <datafield ind2=" " ind1=" " tag="720">
      <subfield code="a">Oliveira, Miguel José</subfield>
      <subfield code="e">author</subfield>
   </datafield>
   <datafield ind2=" " ind1=" " tag="260">
      <subfield code="c">2019</subfield>
   </datafield>
   <datafield ind2=" " ind1=" " tag="520">
      <subfield code="a">A circular economy is a current tenet that must be implemented in the field of construction.&#xd;
That would imply the study of the possibilities of the use of waste generated, for obtaining materials&#xd;
the used in construction as replacements for the raw material used. One of these possibilities is&#xd;
the substitution of the cement by slag, which contributes to the reduction of cement consumption,&#xd;
decreasing CO2 emissions, while solving a waste management problem. In the present paper, di erent&#xd;
types of concrete made by cement substitution with di erent type of slags have been studied in order&#xd;
to evaluate the properties of these materials. Cement is replaced by slag from di erent steel mills,&#xd;
both blast furnace and ladle furnace slag. The percentages of slag substitution by cement are 30%,&#xd;
40% and 50% by weight. Mechanical, physical and environmental properties have been evaluated.&#xd;
Compressive and flexural strength have been analysed as the main mechanical properties. As far&#xd;
as physical properties go, density and porosity tests were be reported and analysed, and from an&#xd;
environmental point of view, a leachate study was performed. It has been found that some kinds&#xd;
of slag (blast furnace slag) are very suitable as substitutes for cement, providing properties above&#xd;
those of the reference concrete, while other types (ladle furnace slag) could be valid for non-structural&#xd;
applications, contributing in both cases to a circular economy.</subfield>
   </datafield>
   <datafield ind1="8" ind2=" " tag="024">
      <subfield code="a">Parrón-Rubio, M.E., Perez-Garcia, F., Gonzalez-Herrera, A., Oliveira, M., Rubio-Cintas, M.D. Slag Substitution as a Cementing Material in Concrete: Mechanical, Physical and Environmental Properties. Materials, 12, 2845, 2019.</subfield>
   </datafield>
   <datafield ind1="8" ind2=" " tag="024">
      <subfield code="a">https://hdl.handle.net/10630/28921</subfield>
   </datafield>
   <datafield ind1="8" ind2=" " tag="024">
      <subfield code="a">10.3390/ma12182845</subfield>
   </datafield>
   <datafield tag="653" ind2=" " ind1=" ">
      <subfield code="a">Cemento</subfield>
   </datafield>
   <datafield ind2="0" ind1="0" tag="245">
      <subfield code="a">Slag substitution as a cementing material in concrete: mechanical, physical and environmental properties</subfield>
   </datafield>
</record>
</metadata></record></GetRecord></OAI-PMH>